000 00671nam a22001817a 4500
003 UA-OsUOA
001 15589
007 ta
008 20031118b un ||||| |||| 00| 0 ukr d
100 _aМакаренко В.
942 _cSA
040 _aUA-OsUOA
_cUA-OsUOA
_dUA-OsUOA
245 _aАграрії всіх країн співпрацюйте!
_b[Про дружні зв'язки Рівнен. аграр. технікуму та с.-г. технікуму м.Губін (Польща)]
300 _aС.3
955 _a0
773 0 _w0
_tРушійна сила
_dРівне
_d2003
_g№3/ квіт.-трав./
650 7 _aКраєзнавча робота
_2UDC
999 _c301754
_d301754